ბათუმის შოთა რუსთაველის სახელმწიფო უნივერსიტეტის ბიბლიოთეკა

ინფორმაციული ტექნოლოგიები და უსაფრთხოება (ბიბ.ჩანაწერი № 54128)

000 -LEADER
fixed length control field 01118nam a2200241Ia 4500
001 - CONTROL NUMBER
control field 21183
003 - CONTROL NUMBER IDENTIFIER
control field GE_BSU
008 - FIXED-LENGTH DATA ELEMENTS--GENERAL INFORMATION
fixed length control field 181216s||||||||xx |||||||||||||| ||und||
020 ## - INTERNATIONAL STANDARD BOOK NUMBER
International Standard Book Number 9789941142062
040 ## - CATALOGING SOURCE
Transcribing agency GE_BSU
100 ## - MAIN ENTRY--PERSONAL NAME
Personal name შონია, ო. თ. შეროზია .
245 ## - TITLE STATEMENT
Title ინფორმაციული ტექნოლოგიები და უსაფრთხოება
245 ## - TITLE STATEMENT
Remainder of title [სახელმძღვ. ინფორმატ. სპეც. სტუდ.]
260 ## - PUBLICATION, DISTRIBUTION, ETC.
Place of publication, distribution, etc. თბილისი
260 ## - PUBLICATION, DISTRIBUTION, ETC.
Name of publisher, distributor, etc. სტუ
260 ## - PUBLICATION, DISTRIBUTION, ETC.
Date of publication, distribution, etc. 2008.
300 ## - PHYSICAL DESCRIPTION
Extent 84გვ. : ნახ. ; 20სმ.
300 ## - PHYSICAL DESCRIPTION
Other physical details ბიბლიოგრ.: გვ. 83.
653 ## - INDEX TERM--UNCONTROLLED
Uncontrolled term ინფორმაციული ტექნოლოგიები. ინფორმაციის დაცვა მონაცემთა ბაზებში. ინფორმაციის დაცვა კომპიუტერულ ქსელებშ
653 ## - INDEX TERM--UNCONTROLLED
Uncontrolled term კომპიუტერული ტექნოლოგიები
942 ## - ADDED ENTRY ELEMENTS (KOHA)
Koha item type წიგნი
ეგზემპლარები
Withdrawn status Lost status Damaged status Not for loan Date acquired Barcode Date last seen Price effective from Koha item type
        2018-12-17 917 2018-12-17 2018-12-17 წიგნი